00475nam a2200145Ia 4500008004100000041000800041082001200049100001800061245004500079260003500124300003200159365000700191999001700198952011400215240624s9999 xx 000 0 und d aeng a658 BOS aBOSSIDY LARRY aEXECUTION THE DISCIPLINE OF GETTING THIN c2002aNew YorkbCrown Business aviii, : 278 : p. : cm. ; 23 cRS c28715d28715 00104070aIMTNbIMTNcRack 22-Ad2017-05-17g650.00o658 BOSp28715r2024-06-24 00:00:00t1w2024-06-24yBK